[Event "RUS-Cup1 Chigorin mem"]
[Site "St Petersburg"]
[Date "1996.??.??"]
[Round "5"]
[White "Gubanov, Anton"]
[Black "Kruppa, Yuri"]
[Result "0-1"]
[WhiteElo "2380"]
[BlackElo "2560"]

1.e4 c5 2.Nf3 Nc6 3.Bb5 g6 4.O-O Bg7 5.c3 Nf6 6.Re1 O-O 7.h3 e5 8.d4 exd4
9.cxd4 cxd4 10.e5 Nd5 11.Qb3 a6 12.Qxd5 axb5 13.Bf4 Qa5 14.Nbd2 Nb4 15.Qb3 Qa4
16.Nxd4 Nc6 17.Nxc6 dxc6 18.Qe3 Qa7 19.Qxa7 Rxa7 20.Ne4 Be6 21.a3 Ra4 22.Bg3 Rd4
23.Rad1 Rfd8 24.Nd6 Rxd1 25.Rxd1 Rd7 26.Re1 Kf8 27.Bf4 h6 28.Bd2 Kg8 29.Bc3 Bf8
30.Kh2 g5 31.g3 Kh7 32.f4 Bxd6 33.exd6 Rxd6 34.fxg5 hxg5 35.Kg2 Kg6 36.Re2 Rd3
37.Rd2 Bd5+ 38.Kh2 Rf3 39.Re2 f5 40.Bd4 Rd3 41.Bc3 Rf3 42.h4 g4 43.Re7 Rf1
44.Re1 Rf2+ 45.Kg1 Rg2+ 46.Kf1 Rxg3 47.Re7 f4 48.Re5 Rf3+ 49.Ke1 g3 50.Rg5+ Kh6
51.Bg7+ Kh7 52.Bd4 Rd3 53.Be5 Bf3  0-1

[Event "Petrov mem"]
[Site "St Petersburg"]
[Date "1996.??.??"]
[Round "5"]
[White "Karasev, Vladimir I"]
[Black "Vasiukov, Evgeni"]
[Result "1/2-1/2"]
[WhiteElo "2360"]
[BlackElo "2505"]

1.e4 c5 2.Nf3 Nc6 3.Bb5 g6 4.O-O Bg7 5.Re1 Nf6 6.e5 Nd5 7.Nc3 Nc7 8.Bxc6 dxc6
9.Ne4 Ne6 10.d3 O-O 11.Be3 b6 12.Qd2 f5 13.exf6 exf6 14.Bh6 a5 15.Bxg7 Kxg7
16.a3 a4 17.Re2 Ra7 18.Rae1 g5 19.Ng3 Nf4 20.Re4 Kg8 21.h4 h6 22.Rxf4 gxf4
23.Qxf4 Re7 24.Rf1 Qc7 25.Qxh6 Rh7 26.Qg6+ Rg7 27.Qe4 Rg4 28.Qe3 Qg7 29.Re1 Bd7
30.Kf1 Re8 31.Qd2 Rxe1+ 32.Qxe1 Kf8 33.Qe3 Qe7 34.Qh6+ Qg7 35.Qd2 Ke7 36.Nh5 Qg6
37.Nf4 Qf5 38.g3 Kd6 39.h5 Rg8 40.d4 Kc7 41.d5 Qe4 42.d6+ Kc8 43.Qd3 Qxd3+
44.cxd3 Bf5 45.Nh4 Bh7 46.Nfg6 Kd7 47.g4 Kxd6 48.Ke2 Ke6 49.Kd2 b5 50.Kc3 Rd8
51.Nf5 Kf7 52.Nh6+ Kg7 53.Nf5+ Kf7 54.Nh6+ Ke8 55.f4 Rd7 56.Nf5 Kf7 57.Nh6+ Ke8
58.Nf5 Kf7 59.Nh6+ Ke8 60.Nf5  1/2-1/2

[Event "Petrov mem"]
[Site "St Petersburg"]
[Date "1996.??.??"]
[Round "5"]
[White "Gubanov, Anton"]
[Black "Sakaev, Konstantin"]
[Result "1/2-1/2"]
[WhiteElo "2375"]
[BlackElo "2560"]

1.e4 c5 2.Nf3 Nc6 3.Bb5 e6 4.Bxc6 bxc6 5.O-O Ne7 6.b3 Ng6 7.Bb2 f6 8.e5 Be7
9.d3 O-O 10.Nbd2 Qe8 11.Ne4 fxe5 12.Nxe5 Nh4 13.Qg4 Nf5 14.Ng3 Nh6 15.Qe4 Bf6
16.d4 cxd4 17.Ba3 Be7 18.Bxe7 Qxe7 19.Rfe1 Qc5 20.Rad1 Nf7 21.Qxd4 Qxd4 22.Rxd4 Nxe5
23.Rxe5 d5 24.Rd3 a5 25.a4 Ra6 26.Rc3 Kf7 27.Rf3+ Kg8 28.Rc3 Kf7 29.Rf3+ Ke7
30.Nf5+ Rxf5 31.Rfxf5 Kd6 32.Rf8 Kxe5 33.Rxc8 Kd4 34.c4 Kc3 35.Kf1 d4 36.Ke2 d3+
37.Ke3 Rb6 38.c5 Rxb3 39.Rxc6 Kc4 40.Rxe6 Kxc5 41.Re7 g5 42.Rxh7 Kb4 43.h4 gxh4
44.Rxh4+ Kc5 45.Re4 Rb2 46.Rf4 d2 47.Ke2 Kd5 48.g3 Ke5 49.f3 Ra2 50.Re4+ Kf6
51.Rc4 Ke6 52.Rh4 Ra3 53.Rd4 d1=Q+ 54.Rxd1 Rxa4 55.Ke3 Ke5 56.f4+ Ke6 57.g4 Rb4
58.Rd4 Rb1 59.Ra4 Rb5 60.Ke4 Kf6 61.g5+ Kg6 62.Rd4 Rb6 63.Kf3 Kh5 64.Rd8 Rb3+
65.Ke4 a4 66.Rh8+ Kg4 67.g6 Rb7 68.Rh7 Rb4+ 69.Ke5 Rb5+ 70.Kf6 Rb6+ 71.Kf7 Rb7+
72.Kf8 Rb8+ 73.Kg7 a3 74.Rh1 a2 75.Ra1 Rb2 76.Kh8 Kf5 77.g7 Rh2+ 78.Kg8 Rb2
79.Kh7  1/2-1/2

[Event "Petrov mem"]
[Site "St Petersburg"]
[Date "1996.??.??"]
[Round "5"]
[White "Driamin, Dmitrij"]
[Black "Krogius, Nikolai V"]
[Result "0-1"]
[WhiteElo "2205"]
[BlackElo "2490"]

1.e4 c5 2.Nf3 Nc6 3.Bb5 e6 4.O-O Nge7 5.Re1 a6 6.Bxc6 Nxc6 7.d4 cxd4 8.Nxd4 Be7
9.Nxc6 dxc6 10.Qg4 O-O 11.e5 f5 12.Qg3 b5 13.Nc3 Bb7 14.Bh6 Rf7 15.Rad1 Qe8
16.Bg5 Bf8 17.Rd3 Rd7 18.Red1 Rxd3 19.Qxd3 c5 20.Qd7 Bc6 21.Qxe8 Rxe8 22.Bd8 Kf7
23.Ba5 Rc8 24.b3 g5 25.Rd8 Rxd8 26.Bxd8 h6 27.f3 Ke8 28.Bb6 Kd7 29.Ne2 Bd5
30.Ba5 c4 31.Bb6 Kc6 32.Bd4 a5 33.Kf2 f4 34.Ke1 cxb3 35.cxb3 a4 36.Bf2 axb3
37.axb3 Bb4+ 38.Kf1 Bc5 39.Nd4+ Kb6 40.b4 Bc4+ 41.Kg1 Bxb4 42.Nxe6+ Kc6 43.Nd4+ Kd5
44.e6 Bf8 45.g3 b4 46.gxf4 gxf4 47.Kg2 b3 48.Nxb3 Bxb3 49.Kh3 Ke5  0-1

[Event "Rudenko mem"]
[Site "St Petersburg"]
[Date "1996.??.??"]
[Round "5"]
[White "Kovalevskaya, Ekaterina"]
[Black "Umanskaya, Irina"]
[Result "1/2-1/2"]
[WhiteElo "2335"]
[BlackElo "2320"]

1.e4 c5 2.Nf3 Nc6 3.Bb5 e6 4.O-O Nge7 5.Nc3 Nd4 6.Nxd4 cxd4 7.Ne2 a6 8.Bd3 Nc6
9.c3 Bc5 10.b4 Bb6 11.Bb2 dxc3 12.Bxc3 O-O 13.a4 d6 14.b5 axb5 15.axb5 Rxa1
16.Qxa1 Ne5 17.Bc2 Qg5 18.Ng3 Ng4 19.Bd4 Bxd4 20.Qxd4 Qxb5 21.Qxd6 Qd7 22.Qxd7  1/2-1/2

[Event "Rudenko mem"]
[Site "St Petersburg"]
[Date "1996.??.??"]
[Round "5"]
[White "Kulish, Irina"]
[Black "Zvereva, Marija"]
[Result "1-0"]
[WhiteElo "2260"]
[BlackElo "2225"]

1.e4 c5 2.Nf3 Nc6 3.Bb5 g6 4.Bxc6 dxc6 5.h3 Bg7 6.d3 e5 7.Nc3 Qe7 8.Be3 Nf6
9.Qd2 O-O 10.Bh6 Rd8 11.Bxg7 Kxg7 12.Qg5 Re8 13.Qe3 b5 14.Nd2 Nd7 15.a4 b4
16.Ne2 Ba6 17.O-O Rad8 18.Rae1 Nf8 19.f4 exf4 20.Nxf4 Nd7 21.Nf3 b3 22.cxb3 Ne5
23.Nxe5 Qxe5 24.Rc1 Rd4 25.Qf3 f6 26.Rc3 Rb8 27.Rxc5 Qd6 28.e5 Qd7 29.Qxc6 Rb6
30.exf6+ Kf7 31.Qxd7+ Rxd7 32.Nd5 Rxb3 33.Re1 Rxd3 34.Re7+ Rxe7 35.fxe7 Bb7
36.e8=Q+ Kxe8 37.Nf6+ Kd8 38.Nxh7 Rd2 39.Rg5 Be4 40.Nf6 Bf5 41.g4 Bc2 42.Ra5 Rd6
43.g5 a6 44.h4 Rd1+ 45.Kf2 Rd2+ 46.Ke3 Rd3+ 47.Kf4 Rd4+ 48.Ke5 Rxh4 49.Rxa6 Bxa4
50.Rd6+ Kc8 51.Rd4 Rxd4 52.Kxd4 Kc7 53.Kc5 Bb3 54.Nd5+ Kb7 55.Kd6 Ka6 56.Nf4 Kb5
57.Nxg6 Kb4 58.Nf4 Bc2 59.Ne2 Bh7 60.Nc1 Kc4  1-0

[Event "Petrov mem"]
[Site "St Petersburg"]
[Date "1996.??.??"]
[Round "6"]
[White "Driamin, Dmitrij"]
[Black "Lukin, Andrei M"]
[Result "0-1"]
[WhiteElo "2205"]
[BlackElo "2455"]

1.e4 c5 2.Nf3 Nc6 3.Bb5 Nf6 4.Bxc6 dxc6 5.e5 Nd5 6.h3 g6 7.O-O Bg7 8.d3 O-O
9.Re1 b6 10.Nbd2 h6 11.Ne4 a5 12.Qe2 f5 13.exf6 exf6 14.a3 Re8 15.c4 f5 16.cxd5 fxe4
17.dxc6 Ba6 18.Nh2 exd3 19.Qxe8+ Qxe8 20.Rxe8+ Rxe8 21.Bd2 Bxb2 22.Rb1 Bxa3
23.Rxb6 Bb4 24.Rxa6 Bxd2 25.Nf3 Bf4 26.Rxa5 c4 27.g3 d2 28.Nxd2 Bxd2 29.Rc5 c3
30.c7 Rc8 31.Kf1 Kf7 32.Rc6 Ke7 33.Ke2 g5 34.Rxh6 Rxc7 35.Rh7+ Kd6 36.Rxc7 Kxc7
37.Kd3 Kc6 38.f4 gxf4 39.gxf4 Kc5 40.f5 Kb4  0-1

[Event "Rudenko mem"]
[Site "St Petersburg"]
[Date "1996.??.??"]
[Round "6"]
[White "Melamed, Tatiana"]
[Black "Nekrasova, Elena"]
[Result "1/2-1/2"]
[WhiteElo "2320"]
[BlackElo "2085"]

1.e4 c5 2.Nf3 Nc6 3.Bb5 g6 4.Bxc6 dxc6 5.h3 Bg7 6.d3 Nf6 7.Nc3 Nd7 8.O-O h6
9.Be3 e5 10.Qd2 Qe7 11.a3 Nf8 12.b4 Ne6 13.Na4 Nd4 14.Ne1 b6 15.Rb1 cxb4
16.axb4 Be6 17.c3 Nb5 18.Nc2 Rd8 19.Rfd1 f5 20.exf5 gxf5 21.f4 e4 22.d4 Qf7
23.Nb2 O-O 24.Ra1 Bb3 25.Rdc1 c5 26.bxc5 bxc5 27.Ra5 Qd7 28.Na3 Nxd4 29.cxd4 cxd4
30.Qb4 Qf7 31.Rb5 dxe3 32.Qxb3 Qxb3 33.Rxb3 Bxb2 34.Rxb2 Rd2 35.Rxd2 exd2
36.Rd1 e3 37.Kf1 Rc8 38.Ke2 Rc1 39.g4 fxg4 40.hxg4 a6 41.Nb1 Kf7 42.Nxd2 Rxd1
43.Kxd1 exd2 44.Kxd2 Kg6 45.Kc3 h5 46.f5+ Kf6 47.gxh5 Kxf5  1/2-1/2

[Event "RUS-Cup1 Chigorin mem"]
[Site "St Petersburg"]
[Date "1996.??.??"]
[Round "7"]
[White "Ivanov, Vladimir Ivanovich"]
[Black "Timoshenko, Georgy"]
[Result "1-0"]
[WhiteElo "2415"]
[BlackElo "2510"]

1.e4 c5 2.Nf3 Nc6 3.Bb5 d6 4.Bxc6+ bxc6 5.O-O e5 6.c3 Nf6 7.Re1 Qc7 8.d4 cxd4
9.cxd4 Be7 10.dxe5 dxe5 11.Bd2 O-O 12.Bc3 Nd7 13.Nbd2 Ba6 14.Nf1 Bc4 15.Ne3 Be6
16.h4 h6 17.Nf5 Rfe8 18.Qd2 Bf8 19.Qe3 a5 20.Nd2 Bxf5 21.exf5 Bb4 22.Rac1 Nf6
23.Qg3 Bxc3 24.Rxc3 Rad8 25.Rc4 Qd6 26.Rec1 Rc8 27.Qc3 Qd7 28.g4 Nd5 29.Qf3 Nf4
30.f6 g5 31.hxg5 hxg5 32.Rxf4 gxf4 33.Qh3 Qd6 34.Qh6 Qf8 35.Qg5+ Kh7 36.Rc3 Qd6
37.Rh3+  1-0

[Event "RUS-Cup1 Chigorin mem"]
[Site "St Petersburg"]
[Date "1996.??.??"]
[Round "7"]
[White "Sinkevich, Petr"]
[Black "Poliakov, Dmitry"]
[Result "0-1"]
[WhiteElo "2315"]
[BlackElo "2375"]

1.e4 c5 2.Nf3 Nc6 3.Bb5 g6 4.O-O Bg7 5.Re1 a6 6.Bf1 d6 7.c3 Nf6 8.h3 O-O
9.d4 b5 10.a4 Qa5 11.d5 Nb8 12.Na3 b4 13.Nc4 Qc7 14.cxb4 cxb4 15.Bf4 Nh5
16.Bh2 Nd7 17.g4 Nhf6 18.Rc1 Qd8 19.g5 Nh5 20.Bg2 Ra7 21.e5 dxe5 22.Nfxe5 Nxe5
23.Nxe5 Bxe5 24.Rxe5 a5 25.Qd4 Rd7 26.Qc5 Bb7 27.Rce1 Re8 28.Rd1 Ng7 29.h4 Nf5
30.Rxf5 gxf5 31.Be5 f6 32.gxf6 exf6 33.Bf4 Rg7 34.Qb5 Ree7 35.Bg3 Rd7 36.Kh2 Kh8
37.Bf3 f4 38.Bxf4 f5 39.Bg5 Rxg5 40.hxg5 Rg7 41.Rg1 h6 42.Re1 Qxg5 43.Qc4 Bxd5  0-1

[Event "RUS-Cup1 Chigorin mem"]
[Site "St Petersburg"]
[Date "1996.??.??"]
[Round "8"]
[White "Nadezhdin, Dmitry"]
[Black "Nenashev, Alexander"]
[Result "0-1"]
[WhiteElo "2210"]
[BlackElo "2580"]

1.e4 c5 2.Nf3 Nc6 3.Bb5 g6 4.O-O Bg7 5.Re1 e5 6.Bxc6 dxc6 7.h3 f6 8.d3 Nh6
9.Be3 b6 10.Nc3 Be6 11.Ne2 Nf7 12.Nh2 O-O 13.f4 f5 14.exf5 Bxf5 15.Qc1 exf4
16.Bxf4 Qf6 17.Nc3 c4 18.dxc4 Qd4+ 19.Be3 Qxc4 20.Qd2 Rad8 21.Qe2 Ne5 22.Rad1 Qxe2
23.Rxe2 Rxd1+ 24.Nxd1 Nc4 25.c3 Re8 26.Nf3 Bd3 27.Re1 Bc2 28.b3 Bxd1 29.bxc4 Bxf3
30.gxf3 Bxc3 31.Re2 Rxe3  0-1

[Event "Star Dojran"]
[Site "Star Dojran"]
[Date "1996.??.??"]
[Round "1"]
[White "Nedev, Trajce"]
[Black "Zelcic, Robert"]
[Result "1-0"]
[WhiteElo "2385"]
[BlackElo "2495"]

1.e4 c5 2.Nf3 Nc6 3.Bb5 e6 4.O-O Nge7 5.b3 Nd4 6.Nxd4 cxd4 7.c3 a6 8.Bd3 Nc6
9.Na3 Bc5 10.Nc2 O-O 11.cxd4 Nxd4 12.Bb2 Qb6 13.b4 Nxc2 14.bxc5 Qxb2 15.Qxc2 Qe5
16.Rab1 d6 17.cxd6 Rd8 18.Rb6 Qd4 19.Rfb1 Rxd6 20.Rxd6 Qxd6 21.e5 Qxe5 22.Bxh7+ Kh8
23.Be4 g6 24.Qc3 Qxc3 25.dxc3 Rb8 26.Rb6 Kg7 27.c4 Kf6 28.c5 Ke5 29.Bf3 Ra8
30.h4 f5 31.Rd6 a5 32.a4 Kf6 33.Rd8 Ke7 34.Rg8 Kf7 35.Rh8 Kg7 36.Rd8 Kf6
37.g3 Ke7 38.Rg8 Kf7 39.Rh8 Kg7 40.Rd8 Kf6 41.Be2 e5 42.Bb5 g5 43.Rg8  1-0

[Event "Star Dojran"]
[Site "Star Dojran"]
[Date "1996.??.??"]
[Round "5"]
[White "Nedev, Trajce"]
[Black "Cosma, Ioan"]
[Result "1/2-1/2"]
[WhiteElo "2385"]
[BlackElo "2420"]

1.e4 c5 2.Nf3 Nc6 3.Bb5 g6 4.O-O Bg7 5.Bxc6 dxc6 6.d3 Bg4 7.Nbd2 Nf6 8.Rb1 O-O
9.b4 cxb4 10.Rxb4 Qc8 11.h3 c5 12.Rb1 Be6 13.c4 Rd8 14.Qe2 b6 15.Ne1 Nh5
16.Ndf3 Qc7 17.Qe3 Bd7 18.g4 Nf6 19.Bb2 Ne8 20.Bxg7 Nxg7 21.Qh6 Ne6 22.Ng5 Nxg5
23.Qxg5 f6 24.Qe3 Bc6  1/2-1/2

[Event "Stary Smokovec"]
[Site "Stary Smokovec"]
[Date "1996.??.??"]
[Round "?"]
[White "Velicka, Petr"]
[Black "Mrva, Martin"]
[Result "0-1"]
[WhiteElo "2430"]
[BlackElo "2410"]

1.e4 c5 2.Nf3 Nc6 3.Bb5 Qb6 4.Nc3 e6 5.O-O Nd4 6.a4 a6 7.Bc4 Ne7 8.Nxd4 cxd4
9.Ne2 Nc6 10.b3 Be7 11.Kh1 O-O 12.f4 d6 13.Bb2 Bf6 14.Qe1 d5 15.e5 Bxe5 16.fxe5 dxc4
17.Nxd4 Nxd4 18.Qf2 f5 19.Bxd4 Qc6 20.Bc5 Rf7 21.bxc4 b6 22.Bxb6 Qxc4 23.d3 Qc6
24.Qc5 Qe8 25.Rf4 Bb7 26.a5 g5 27.Rd4 f4 28.Rf1 Kg7 29.Qd6 Rc8 30.c4 Bc6
31.Kg1 Rd7 32.Qa3 Rxd4 33.Bxd4 Rd8 34.Bc5 Qg6 35.Be7 Rxd3 36.Bf6+ Kh6 37.Qf8+ Kh5
38.Qg7 Qxg7 39.Bxg7 Ra3 40.Bf8 Rxa5 41.Bd6 Ra4 42.c5 Ra2 43.Rf2 Ra1+ 44.Rf1 Rxf1+
45.Kxf1 a5  0-1

[Event "SUI-chT"]
[Site "SUI"]
[Date "1996.??.??"]
[Round "2"]
[White "Pytel, Martin"]
[Black "Weindl, Alfred"]
[Result "0-1"]
[WhiteElo "2340"]
[BlackElo "2345"]

1.e4 c5 2.Nf3 Nc6 3.Bb5 g6 4.Bxc6 dxc6 5.d3 Bg7 6.h3 Nf6 7.Nc3 Nd7 8.Be3 e5
9.a3 Qe7 10.Qb1 a5 11.h4 f5 12.Qa2 f4 13.Bd2 Nf8 14.b3 Bg4 15.Qb2 Bxf3 16.gxf3 Ne6
17.Ne2 h5 18.O-O-O Kf7 19.Kb1 Bf6 20.c3 Rhd8 21.Bc1 Bxh4 22.d4 cxd4 23.cxd4 Nxd4
24.Nxd4 Rxd4 25.Rxd4 exd4 26.Qxd4 Bf6 27.Qc4+ Qe6 28.Qxe6+ Kxe6 29.Bxf4 a4
30.b4 Bd4 31.Rd1 Rf8 32.Bh6 Rh8 33.Bg5 Bf6 34.Be3 Rd8 35.Rg1 Kf7 36.Kc2 h4
37.f4 h3 38.Rh1 Rh8 39.Rh2 Ke6 40.Bc1 Rh7 41.Kd3 b5 42.Ke2 Rh5 43.Kf3 c5
44.Kg4 Rh4+ 45.Kg3 c4 46.e5 Bd8 47.Be3 Kf5 48.Rxh3 Rxh3+ 49.Kxh3 Bc7 50.e6 Kxe6
51.Kg4 Bd8 52.Bd4 Kd5 53.Bg7 Ke4 54.f3+ Kd3 55.f5 gxf5+ 56.Kxf5  0-1

[Event "SUI-chT"]
[Site "SUI"]
[Date "1996.??.??"]
[Round "8"]
[White "Ambrosini, Nicola"]
[Black "Domont, Alexandre"]
[Result "0-1"]
[WhiteElo "2235"]
[BlackElo "2355"]

1.e4 c5 2.Nf3 Nc6 3.Bb5 Nf6 4.e5 Nd5 5.Nc3 Nc7 6.Bxc6 dxc6 7.Ne4 Qd5 8.Nc3 Qd7
9.d3 Ne6 10.O-O b6 11.Ne4 h6 12.a4 a5 13.b3 g6 14.Bb2 Bg7 15.Nfd2 O-O 16.Nc4 Rb8
17.f4 Nd4 18.Ne3 f5 19.Nd2 g5 20.fxg5 hxg5 21.c3 f4 22.cxd4 fxe3 23.Rxf8+ Bxf8
24.Ne4 g4 25.dxc5 Qd5 26.Qc2 Be6 27.cxb6 Rxb6 28.Nc5 Bf5 29.e6 Bg7 30.Bxg7 Kxg7
31.Qc3+ Kh7 32.Qxa5 Qd4 33.Rc1 e2+ 34.Kh1 Qf4 35.Qe1 Rb8 36.Ra1 Kg6 37.Qxe2 Rh8
38.g3 Qxg3 39.Rg1 Qf4 40.Nd7 Rh4 41.Rg2 Qd6 42.Qe3 Kh5 43.Nc5 Rh3 44.Rg3 Kg6
45.Rxh3 Qd5+ 46.Rf3 gxf3 47.Kg1 Qd6 48.a5 Qc7 49.b4 Qb8 50.Qd4 Kh5 51.a6 Qg8+
52.Kf2 Qg2+ 53.Ke3 Qg1+  0-1

[Event "SVK-chT9596"]
[Site "?"]
[Date "1996.??.??"]
[Round "7"]
[White "Szamos, Alexander"]
[Black "Zambor, Norbert"]
[Result "0-1"]
[WhiteElo "2145"]
[BlackElo "2175"]

1.e4 c5 2.Nf3 Nc6 3.Bb5 g6 4.O-O Bg7 5.c3 e5 6.Re1 Nge7 7.d3 O-O 8.Nbd2 d6
9.h3 h6 10.Nf1 f5 11.Ng3 Kh7 12.Ba4 d5 13.exd5 Qxd5 14.Nf1 Qd6 15.Qe2 Be6
16.Bc2 Rfe8 17.Bf4 Nd5 18.Bh2 Nf4 19.Qd2 Bd5 20.Qe3 Rad8 21.Rad1 Bxa2 22.Qc1 Bd5
23.N1d2 Qf6 24.Bxf4 exf4 25.Rxe8 Rxe8 26.Bb3 Qf7 27.c4 Be6 28.Nb1 g5 29.Ba4 Bd7
30.Nc3 g4 31.Bxc6 Bxc6 32.hxg4 fxg4 33.Nh2 g3 34.Nf3 Bxf3 35.gxf3 Qh5 36.fxg3 fxg3  0-1

[Event "SVK-chT9596"]
[Site "?"]
[Date "1996.??.??"]
[Round "9"]
[White "Franzen, Josef"]
[Black "Zambor, Norbert"]
[Result "1/2-1/2"]
[WhiteElo "2300"]
[BlackElo "2175"]

1.e4 c5 2.Nf3 Nc6 3.Bb5 g6 4.O-O Bg7 5.c3 e5 6.d4 exd4 7.cxd4 Nxd4 8.Nxd4 cxd4
9.Nd2 Ne7 10.Nc4 O-O 11.Nd6 Nc6 12.Bf4 Qe7 13.Qd2 Ne5 14.Nxc8 Raxc8 15.Rae1 Rc5
16.Bxe5 Rxe5 17.Bd3 Rc5 18.f4 Rfc8 19.Rf3 d6 20.Ref1 R8c7 21.a3 Rh5 22.h3 d5
23.e5 f6 24.g4 Rh4 25.e6 Qxe6 26.Re1 Qf7 27.Qf2 Rh6 28.Qxd4 f5 29.Qxa7 fxg4
30.hxg4 Re7 31.Qb8+ Bf8 32.Rc1 Re8 33.Rc8 Rxc8 34.Qxc8 Qe7 35.Kg2 Rh4 36.g5 h6
37.gxh6 Qe1 38.Bf1 Rxh6 39.Qxb7 Qe4 40.Kg3 Be7 41.Qc8+ Kg7 42.Qc7 g5 43.Qe5+ Qxe5
44.fxe5 Re6 45.Rd3 Rxe5 46.Bg2 Re2 47.b4 Bd6+ 48.Kf3 Rb2 49.Rxd5 Bxb4 50.axb4 Rxb4
51.Rxg5+ Kf6 52.Ra5 Rb2 53.Kg3 Re2 54.Bf3 Re5 55.Ra6+ Re6 56.Ra4 Ke5 57.Ra5+ Kd4
58.Ra4+ Ke3 59.Ra3+ Kd4 60.Kf4 Rf6+ 61.Kg5 Rf8 62.Bg4 Rd8 63.Kf4 Rh8 64.Ra1 Rh4
65.Rd1+ Kc4 66.Kf3 Kc5 67.Be6 Rd4 68.Ra1 Rd6 69.Bf5 Rd4 70.Ke3 Rc4 71.Ra5+ Kd6
72.Be4 Rc1 73.Kd4 Rd1+ 74.Bd3 Rc1 75.Ra6+ Rc6 76.Ra8 Rc7 77.Be4 Re7 78.Ra6+ Kc7
79.Bd5 Rd7 80.Kc5 Kd8 81.Re6 Kc7 82.Rh6 Re7 83.Ra6 Rd7 84.Bc6 Rd2 85.Ra7+ Kd8
86.Bd5 Ke8 87.Kd6 Kf8 88.Rf7+ Ke8 89.Rf1 Rd3 90.Ra1 Kf8 91.Ra7 Rd1 92.Ke5 Re1+
93.Be4 Re2 94.Kf5 Rf2+ 95.Ke6 Re2 96.Rf7+ Ke8 97.Rf4 Re1 98.Rh4 Kf8 99.Kf6 Rf1+
100.Bf5  1/2-1/2

[Event "SWE-chT 9596"]
[Site "?"]
[Date "1996.??.??"]
[Round "?"]
[White "Jansson, Anders O"]
[Black "Ronneland, Daniel"]
[Result "0-1"]
[WhiteElo "2145"]
[BlackElo "2185"]

1.e4 c5 2.Nf3 Nc6 3.Bb5 g6 4.Bxc6 dxc6 5.d3 Bg7 6.O-O Nf6 7.Na3 O-O 8.h3 h6
9.Be3 b6 10.Qd2 Kh7 11.Nc4 Be6 12.b3 Qc8 13.a4 Rd8 14.Qe2 b5 15.Ncd2 Nd7
16.Ra2 Nb6 17.c4 bxa4 18.bxa4 Qd7 19.Ne1 Qd6 20.f4 Bd4 21.g4 f6 22.Kg2 Rab8
23.Ndf3 Nd7 24.Bc1 Rg8 25.Qd2 g5 26.f5 Bf7 27.Ba3 Be5 28.Qf2 Bc3 29.Rc2 Rb3
30.Bb2 Bb4 31.Qe3 Bxc4  0-1

[Event "SWE-chT 9596"]
[Site "?"]
[Date "1996.??.??"]
[Round "?"]
[White "Larsson, Per"]
[Black "Schneider, Lars Ake"]
[Result "0-1"]
[WhiteElo "2350"]
[BlackElo "2400"]

1.e4 c5 2.Nf3 Nc6 3.Bb5 e6 4.O-O Nge7 5.Re1 a6 6.Bxc6 Nxc6 7.d4 cxd4 8.Nxd4 d6
9.Nc3 g6 10.Be3 Bg7 11.Nxc6 bxc6 12.Qd2 O-O 13.Rad1 d5 14.Na4 Qc7 15.Bd4 e5
16.Bb6 Qb8 17.Bc5 Re8 18.Nb6 Bf8 19.Qa5 Qc7 20.Bxf8 Rxf8 21.Qc5 Ra7 22.exd5 cxd5
23.Rxd5 Be6 24.Rdxe5 Rb8 25.Na4 Qd7 26.Qa3 Rc7 27.Nc5 Qd4 28.Nxe6 fxe6 29.Qxa6 Rxc2
30.Qxe6+ Kg7 31.Qe7+ Kg8 32.Qf6 Rf8 33.Re8 Qxf6 34.Rxf8+ Kxf8 35.f3 Qd4+
36.Kh1 Qf2 37.Rg1 Rxb2 38.h3  0-1

[Event "Tallinn rapid"]
[Site "Tallinn"]
[Date "1996.??.??"]
[Round "4"]
[White "Malisauskas, Vidmantas"]
[Black "Maidla, Vallo"]
[Result "1-0"]
[WhiteElo "2530"]
[BlackElo "2370"]

1.e4 c5 2.Nf3 Nc6 3.Bb5 g6 4.Bxc6 bxc6 5.O-O Bg7 6.c3 Nf6 7.Re1 O-O 8.d4 cxd4
9.cxd4 Rb8 10.Nc3 Qa5 11.Bd2 Qh5 12.b3 d6 13.h3 c5 14.e5 Ne8 15.Nd5 cxd4
16.Nxe7+ Kh8 17.Nxd4 Qxd1 18.Raxd1 dxe5 19.Ndc6 Rb6 20.Ba5 Ra6 21.b4 Be6
22.b5 Rxa5 23.Nxa5 Bxa2 24.Rd7 e4 25.Rxa7 Nd6 26.Nb7 Nxb7 27.Rxa2 f5 28.Rd1 f4
29.Nc6 e3 30.fxe3 fxe3 31.Rd7 Nc5 32.Re7 Bh6 33.b6 Bg5 34.Re5  1-0

[Event "Tallinn rapid"]
[Site "Tallinn"]
[Date "1996.??.??"]
[Round "6"]
[White "Smyslov, Vassily"]
[Black "Liiva, Riho"]
[Result "1/2-1/2"]
[WhiteElo "2550"]
[BlackElo "2425"]

1.e4 c5 2.Nf3 Nc6 3.Bb5 e6 4.O-O Nge7 5.c3 a6 6.Ba4 b5 7.Bc2 Bb7 8.a3 d5
9.d4 cxd4 10.cxd4 dxe4 11.Bxe4 Na5 12.Bxb7 Nxb7 13.Ne5 f6 14.Nf3 Nd5 15.Re1 Kf7
16.Nc3 Nxc3 17.bxc3 Qd5 18.a4 Be7 19.Ba3 Bxa3 20.Rxa3 Nd6 21.Qd3 Nc4 22.Ra2 bxa4
23.Qc2 a3 24.Nd2 Rhc8 25.Nxc4 Qxc4 26.Rxa3 Qxd4 27.Qxh7 Rxc3 28.Raa1 Rd3
29.Rab1 Qd5 30.h3 Rd8 31.Rb6 Qf5 32.Qxf5 exf5 33.Rxa6 Rd1 34.Kf1 Rxe1+ 35.Kxe1 Rb8  1/2-1/2

[Event "Tampere We TaSY op"]
[Site "Tampere"]
[Date "1996.??.??"]
[Round "3"]
[White "Vetemaa, Juri"]
[Black "Hokkanen, Petri"]
[Result "1/2-1/2"]
[WhiteElo "2350"]
[BlackElo "2260"]

1.e4 c5 2.Nf3 Nc6 3.Bb5 e6 4.Bxc6 bxc6 5.e5 Be7 6.d3 f6 7.Nc3 fxe5 8.Nxe5 Nf6
9.O-O O-O 10.Qe2 Qc7 11.Bf4 d6 12.Nc4 e5 13.Bg3 Nd5 14.Nxd5 cxd5 15.Ne3 Bb7
16.c4 d4 17.Nd1 Rae8 18.f3 Bg5 19.Kh1 Bf4 20.Nf2 Rf7 21.Bxf4 Rxf4 22.Ne4 Ref8
23.b3  1/2-1/2

[Event "Tampere Elo Taraus op"]
[Site "Tampere"]
[Date "1996.??.??"]
[Round "4"]
[White "Hokkanen, Petri"]
[Black "Sammalvuo, Tapani"]
[Result "0-1"]
[WhiteElo "2260"]
[BlackElo "2325"]

1.e4 c5 2.Nf3 Nc6 3.Bb5 e6 4.Bxc6 bxc6 5.b3 f6 6.Bb2 Nh6 7.O-O Nf7 8.c3 e5
9.d4 cxd4 10.cxd4 d6 11.Qc2 Bd7 12.Nbd2 Be7 13.Rad1 O-O 14.Rfe1 Qc7 15.Nf1 Qb7
16.Ne3 Rac8 17.Rd2 Be6 18.Red1 Rfd8 19.Qb1 Bf8 20.d5 cxd5 21.Nxd5 a5 22.Qd3 a4
23.bxa4 Bxd5 24.exd5 Qb4 25.Qb3 Rb8 26.Qc2 Rdc8 27.Qb3 Qa5 28.Qd3 Qxa4 29.Ne1 Rc5
30.Re2 Rbb5 31.h3 Qa8 32.Red2 Ra5 33.a3 Qb7 34.Ba1 Nh8 35.Nc2 Ng6 36.Bc3 Rab5
37.a4 Rb3  0-1

[Event "Tampere Elo Taraus op"]
[Site "Tampere"]
[Date "1996.??.??"]
[Round "7"]
[White "Kiik, Kalle"]
[Black "Porrasmaa, Timo"]
[Result "1-0"]
[WhiteElo "2385"]
[BlackElo "2140"]

1.e4 c5 2.Nf3 Nc6 3.Bb5 g6 4.O-O Bg7 5.c3 Nf6 6.Re1 O-O 7.e5 Ne8 8.d4 cxd4
9.cxd4 d6 10.h3 Nc7 11.Bxc6 bxc6 12.Nc3 Ne6 13.Be3 Bb7 14.Qe2 Qa5 15.Bd2 Qb6
16.Rad1 Rfd8 17.Be3 Qa5 18.Ng5 dxe5 19.Nxe6 fxe6 20.Qc4 exd4 21.Bxd4 Bxd4
22.Rxd4 Rxd4 23.Qxd4 Qf5 24.Re5 Qf7 25.Qe3 Re8 26.Ne4 c5 27.Ng5 Qf6 28.Nxe6 c4
29.f4 Bc8 30.Nc7 Rf8 31.Nd5 Qd6 32.Nxe7+ Kf7 33.Qxa7 Bd7 34.Rd5 Qxf4 35.Rxd7 Qc1+
36.Kh2  1-0

[Event "EU-ch U20 Girls"]
[Site "Tapolca"]
[Date "1996.??.??"]
[Round "2"]
[White "Mashinskaya, Iulia"]
[Black "Smokina, Karolina"]
[Result "1-0"]
[WhiteElo "2230"]
[BlackElo "2180"]

1.e4 c5 2.Nf3 Nc6 3.Bb5 g6 4.O-O Bg7 5.Re1 e5 6.Bxc6 dxc6 7.h3 Be6 8.d3 f6
9.Be3 b6 10.a3 a5 11.Nbd2 Ra7 12.b4 a4 13.bxc5 b5 14.d4 Rd7 15.c3 Nh6 16.Qe2 O-O
17.dxe5 fxe5 18.Ng5 Bf7 19.c4 Rd3 20.cxb5 cxb5 21.Reb1 Bf6 22.Nxf7 Nxf7 23.Nf3 Be7
24.Rd1 Rd7 25.Rab1 Rxd1+ 26.Rxd1 Qa8 27.Rd7 Re8 28.Qxb5 Qxe4 29.Rd4 Qa8 30.Rxa4 Qd8
31.Ra7 Kf8 32.Qb7 Qc8 33.Qe4 Bxc5 34.Rxf7+ Kxf7 35.Qd5+ Kg7 36.Bxc5 Qb8 37.Nxe5 Rxe5
38.Bd4 Kf6 39.Qxe5+ Qxe5 40.Bxe5+ Kxe5  1-0

[Event "Terrassa op"]
[Site "Terrassa"]
[Date "1996.??.??"]
[Round "8"]
[White "Dimitrov, Vladimir"]
[Black "De la Riva Aguado, Oscar"]
[Result "1/2-1/2"]
[WhiteElo "2530"]
[BlackElo "2490"]

1.e4 c5 2.Nf3 Nc6 3.Bb5 g6 4.Bxc6 dxc6 5.d3 Bg7 6.h3 Qc7 7.O-O e5 8.a4 a5
9.Na3 b6 10.Be3 Nf6 11.Nc4 Nd7 12.Nfd2 O-O 13.f4 b5 14.Nxe5 Nxe5 15.fxe5 Qxe5
16.Nf3 Qxb2 17.Rb1 Qa3 18.Rb3 Qa2 19.Bxc5 Re8 20.Nd4 Qxa4  1/2-1/2

[Event "Toscolano op"]
[Site "Toscolano"]
[Date "1996.??.??"]
[Round "1"]
[White "Sedina, Elena"]
[Black "Agnelli, Francesco"]
[Result "0-1"]
[WhiteElo "2345"]
[BlackElo "2085"]

1.e4 c5 2.Nf3 Nc6 3.Bb5 e6 4.O-O Nge7 5.c3 a6 6.Ba4 b5 7.Bc2 Bb7 8.a4 Ng6
9.Qe2 b4 10.d4 cxd4 11.cxd4 Be7 12.Be3 O-O 13.Nbd2 a5 14.Bd3 f5 15.exf5 exf5
16.d5 Nce5 17.Nxe5 Nxe5 18.Nc4 Nxd3 19.Qxd3 f4 20.Bb6 Qe8 21.Rfe1 Qf7 22.Nxa5 Ba6
23.Qf3 Bd6 24.Rac1 Rfe8 25.h3 Rac8 26.Rxe8+ Qxe8 27.Rxc8 Qxc8 28.Bd4 Qc1+
29.Kh2 Be2 30.Qe4 f3+ 31.Be5 fxg2 32.Kxg2 Qg5+ 33.Bg3 Bh5 34.Nc4 Bf7 35.Nxd6 Bxd5
36.h4 Bxe4+ 37.Nxe4 Qd5 38.f3 Qb3 39.Be5 Qxa4 40.Kg3 h6 41.Nd6 Qc2 42.Kg4 Qa4
43.f4 Qc6 44.h5 g6  0-1

[Event "CRO-chT2"]
[Site "Tucepi"]
[Date "1996.??.??"]
[Round "?"]
[White "Csoke, Krisztian"]
[Black "Rosandic, Denis"]
[Result "1/2-1/2"]
[WhiteElo "2250"]
[BlackElo "2295"]

1.e4 c5 2.Nf3 Nc6 3.Bb5 e6 4.O-O Nge7 5.c3 a6 6.Ba4 b5 7.Bc2 Bb7 8.d4 cxd4
9.Nxd4 Ng6 10.a4 bxa4 11.Rxa4 Be7 12.Be3 O-O 13.Qe2 Qc7 14.Nxc6 Bxc6 15.Rxa6 Rxa6
16.Qxa6 Rb8 17.Qa2 Qb7 18.b4 Bxe4 19.Bxe4 Qxe4 20.Qd2 Qc6 21.Rd1 d5 22.f4 Nh4
23.Bf2 Nf5 24.Qd3 Bf6 25.Bc5 g6 26.Nd2 Nd6 27.c4 Nb7 28.Bf2 dxc4 29.Qxc4 Qd7
30.Qe2 Rd8 31.Be3 Bd4 32.Nf1 Bxe3+ 33.Nxe3  1/2-1/2